书目信息 |
| 题名: |
怀疑
|
|
| 作者: | 孙宏安 著 | |
| 分册: | ||
| 出版信息: | 北京 科学出版社 2000.09 |
|
| 页数: | 254页 | |
| 开本: | 21cm | |
| 丛书名: | 科学精神丛书 | |
| 单 册: | ||
| 中图分类: | N091 , K816.1 | |
| 科图分类: | ||
| 主题词: | 自然科学史--zi ran ke xue shi--世界 , 科学家--ke xue jia--生平事迹--世界--中世纪 , 科学家--ke xue jia--生平事迹--世界--近代 , 科学家--ke xue jia--生平事迹--世界--现代 | |
| 电子资源: | ||
| ISBN: | 7-03-008407-1 | |
| 000 | 01090nam 2200301 450 | |
| 001 | 012007635955 | |
| 005 | 20070926113009.59 | |
| 010 | @a7-03-008407-1@dCNY16.50 | |
| 100 | @a20070711d2000 km y0chiy0120 ea | |
| 101 | 0 | @achi |
| 102 | @aCN@b110000 | |
| 105 | @aa z 000yd | |
| 200 | 1 | @a怀疑@Ahuai yi@e科学探索的起点@f孙宏安著@Fsun hong an zhu |
| 210 | @a北京@c科学出版社@d2000.09 | |
| 215 | @a254页@c图@d21cm | |
| 225 | 2 | @a科学精神丛书@Ake xue jing shen cong shu |
| 330 | @a本书选择科学史上那些真实、感人的故事,以通俗、生动的语言,宣传科学家不迷信书本、不迷信权威、独立思考、大胆怀疑的精神,并从多方面探讨了科学怀疑精神的功能。 | |
| 410 | 0 | @12001 @a科学精神丛书 |
| 517 | 1 | @a科学探索的起点@Ake xue tan suo de qi dian |
| 606 | 0 | @a自然科学史@Azi ran ke xue shi@y世界 |
| 606 | 0 | @a科学家@Ake xue jia@x生平事迹@y世界@z中世纪 |
| 606 | 0 | @a科学家@Ake xue jia@x生平事迹@y世界@z近代 |
| 606 | 0 | @a科学家@Ake xue jia@x生平事迹@y世界@z现代 |
| 690 | @aN091@v4 | |
| 690 | @aK816.1@v4 | |
| 701 | 0 | @a孙宏安@Asun hong an@4著 |
| 801 | 0 | @aCN@c20070926 |
| 905 | @dN091@eS920 | |
| 怀疑:科学探索的起点/孙宏安著.-北京:科学出版社,2000.09 |
| 254页:图;21cm.-(科学精神丛书) |
| ISBN 7-03-008407-1:CNY16.50 |
| 本书选择科学史上那些真实、感人的故事,以通俗、生动的语言,宣传科学家不迷信书本、不迷信权威、独立思考、大胆怀疑的精神,并从多方面探讨了科学怀疑精神的功能。 |
| ● |
| 相关链接 |
|
|
|
正题名:怀疑
索取号:N091/S920
 
预约/预借
| 序号 | 登录号 | 条形码 | 馆藏地/架位号 | 状态 | 备注 |
| 1 | 244879 | 202448798 | 自科库401/401自科库 137排2列3层/ [索取号:N091/S920] | 在馆 | |
| 2 | 244880 | 202448805 | 期刊室512/401自科库 135排1列2层/ [索取号:N091/S920] | 在馆 | |
| 3 | 244881 | 202448814 | 期刊室512/401自科库 135排1列2层/ [索取号:N091/S920] | 在馆 |